[Event "DEN-ch sf4"]
[Site "Svendborg"]
[Date "2024.03.29"]
[Round "3"]
[White "Lauritsen, Niels"]
[Black "Rynkjob, Bastian"]
[Result "1/2-1/2"]
[WhiteElo "1973"]
[BlackElo "1681"]
[PlyCount "43"]
[EventDate "2024.03.29"]
[EventType "swiss"]
[EventRounds "7"]
[EventCountry "DEN"]
[SourceTitle "CB16_2024"]
[SourceDate "2024.04.17"]
[SourceVersion "1"]
[SourceVersionDate "2024.04.17"]
[SourceQuality "1"]

1. e4 c5 2. Nc3 Nc6 3. g3 g6 4. Bg2 Bg7 5. d3 e6 6. Nge2 Nge7 7. 0-0 0-0 8. Be3 d6 9. Qd2 Rb8 10. Bh6 b5 11. Bxg7 Kxg7 12. f4 b4 13. Nd1 a5 14. Ne3 h5 15. f5 Ng8 16. Nf4 Ne5 17. Nc4 exf5 18. exf5 Bxf5 19. Nxh5+ Kh7 20. Nf4 Nf6 21. Ne3 Bg4 22. Nfd5 1/2-1/2

[Event "DEN-ch sf4"]
[Site "Svendborg"]
[Date "2024.03.29"]
[Round "2"]
[White "Skytte, Robert"]
[Black "Lauritsen, Niels"]
[Result "1/2-1/2"]
[WhiteElo "1744"]
[BlackElo "1973"]
[PlyCount "29"]
[EventDate "2024.03.29"]
[EventType "swiss"]
[EventRounds "7"]
[EventCountry "DEN"]
[SourceTitle "CB16_2024"]
[SourceDate "2024.04.17"]
[SourceVersion "1"]
[SourceVersionDate "2024.04.17"]
[SourceQuality "1"]

1. e4 Nc6 2. d4 d5 3. e5 f6 4. f4 Nh6 5. c3 Bf5 6. Nf3 e6 7. Be3 Be7 8. Nbd2 Be4 9. Be2 f5 10. Qb3 Rb8 11. a3 0-0 12. Ng5 Bxg5 13. fxg5 Nf7 14. Nxe4 fxe4 15. h4 1/2-1/2

[Event "Wch Seniors 65 29th"]
[Site "Bucharest"]
[Date "2019.11.22"]
[Round "10"]
[White "Lauritsen, Niels"]
[Black "Evulet, Gheorghe"]
[Result "1-0"]
[WhiteElo "2007"]
[BlackElo "1890"]
[PlyCount "49"]
[EventDate "2019.11.12"]
[EventType "swiss"]
[EventRounds "11"]
[EventCountry "ROU"]
[SourceTitle "CBM 193 Extra"]
[Source "ChessBase"]
[SourceDate "2020.01.31"]
[SourceVersion "1"]
[SourceVersionDate "2020.01.31"]
[SourceQuality "1"]

1. d4 c5 2. d5 Nf6 3. Nc3 a6 4. a4 e6 5. e4 exd5 6. e5 Qe7 7. Qe2 d4 8. exf6 Qxe2+ 9. Ncxe2 Nc6 10. Bg5 h6 11. Bh4 Nb4 12. 0-0-0 g5 13. Bg3 d5 14. c3 Nc6 15. cxd4 Bf5 16. dxc5 Bxc5 17. Rxd5 Bg6 18. Rxc5 Nb4 19. Nc3 0-0 20. Nf3 Rac8 21. Rc4 a5 22. Bd6 Rfe8 23. Bxb4 axb4 24. Rxb4 Rc6 25. Bb5 1-0

[Event "Helsingor Xtracon op"]
[Site "Helsingor"]
[Date "2019.07.25"]
[Round "7"]
[White "Lye, Sverre"]
[Black "Lauritsen, Niels"]
[Result "1/2-1/2"]
[WhiteElo "1839"]
[BlackElo "2011"]
[PlyCount "62"]
[EventDate "2019.07.20"]
[EventType "swiss"]
[EventRounds "10"]
[EventCountry "DEN"]
[SourceTitle "CBM 191 Extra"]
[Source "ChessBase"]
[SourceDate "2019.09.30"]
[SourceVersion "1"]
[SourceVersionDate "2019.09.30"]
[SourceQuality "1"]

1. e4 Nc6 2. Nf3 d6 3. d4 Nf6 4. Nc3 g6 5. h3 Bg7 6. Be3 0-0 7. Be2 e5 8. dxe5 dxe5 9. Qxd8 Rxd8 10. Bc4 h6 11. 0-0 Ne8 12. Rfd1 Nd6 13. Bb3 Be6 14. Bxe6 fxe6 15. b3 a6 16. Ne1 Nd4 17. Rd2 Kf8 18. Nd3 Ke7 19. f3 Rd7 20. Rad1 b6 21. Ne2 N6b5 22. Ndc1 Rad8 23. c3 Nc6 24. Rxd7+ Rxd7 25. Rxd7+ Kxd7 26. Kf2 Nd6 27. Nd3 Nf7 28. Ke1 Bf6 29. a4 Na5 30. Nec1 Kd6 31. Kd2 Bg5 1/2-1/2

[Event "Helsingor Xtracon op"]
[Site "Helsingor"]
[Date "2019.07.20"]
[Round "1"]
[White "Gade, Jens"]
[Black "Lauritsen, Niels"]
[Result "0-1"]
[WhiteElo "1528"]
[BlackElo "2011"]
[PlyCount "64"]
[EventDate "2019.07.20"]
[EventType "swiss"]
[EventRounds "10"]
[EventCountry "DEN"]
[SourceTitle "CBM 191 Extra"]
[Source "ChessBase"]
[SourceDate "2019.09.30"]
[SourceVersion "1"]
[SourceVersionDate "2019.09.30"]
[SourceQuality "1"]

1. d4 Nc6 2. Nf3 d6 3. e3 Bg4 4. Be2 e5 5. dxe5 dxe5 6. Qxd8+ Rxd8 7. 0-0 e4 8. Nd4 Nxd4 9. Bxg4 Nxc2 10. Rd1 Nxa1 11. Rxd8+ Kxd8 12. Nc3 Nc2 13. Nxe4 Nb4 14. a3 Nd3 15. Bd2 Nf6 16. Nxf6 gxf6 17. Bc3 Be7 18. Bf5 Ne5 19. f4 Ng6 20. g3 c6 21. Kf2 Kc7 22. Ke2 Re8 23. b4 a5 24. e4 axb4 25. axb4 Ra8 26. Kd3 Ra3 27. Kc4 b5+ 28. Kd4 Rb3 29. e5 Bxb4 30. e6 Bxc3+ 31. Ke4 fxe6 32. Bxe6 Rb2 0-1

[Event "DEN-ch Seniors 65+"]
[Site "Logumkloster"]
[Date "2017.02.12"]
[Round "1"]
[White "Lauritsen, Niels"]
[Black "Haugaard, Thomas"]
[Result "1-0"]
[WhiteElo "2053"]
[BlackElo "1687"]
[PlyCount "37"]
[EventDate "2017.02.12"]
[EventType "swiss"]
[EventRounds "7"]
[EventCountry "DEN"]
[SourceTitle "EXT 2018"]
[Source "ChessBase"]
[SourceDate "2017.10.13"]
[SourceVersion "1"]
[SourceVersionDate "2017.10.13"]
[SourceQuality "1"]

1. d4 Nf6 2. Nc3 g6 3. e4 d6 4. Bg5 Bg7 5. e5 dxe5 6. dxe5 Qxd1+ 7. Rxd1 Ng4 8. h3 Nxe5 9. Nd5 0-0 10. Nxc7 Nbc6 11. Nxa8 Bf5 12. Nc7 Bxc2 13. Rd2 Bf5 14. Nf3 Nb4 15. Bxe7 Rc8 16. Bxb4 Rxc7 17. Rd8+ Bf8 18. Rxf8+ Kg7 19. Nxe5 1-0

[Event "DEN-ch G7-1"]
[Site "Svendborg"]
[Date "2016.03.26"]
[Round "5"]
[White "Lauritsen, Niels"]
[Black "Andersen, Rune"]
[Result "1/2-1/2"]
[WhiteElo "2045"]
[BlackElo "2126"]
[PlyCount "62"]
[EventDate "2016.03.22"]
[EventType "swiss"]
[EventRounds "7"]
[EventCountry "DEN"]
[SourceTitle "EXT 2023"]
[Source "ChessBase"]
[SourceDate "2022.10.05"]
[SourceVersion "1"]
[SourceVersionDate "2022.10.05"]
[SourceQuality "1"]

1. d4 d5 2. Nc3 Bf5 3. Bg5 h6 4. Bh4 Nf6 5. e3 Nbd7 6. Bd3 Bxd3 7. Qxd3 c6 8. Nf3 e6 9. 0-0 Be7 10. Rfe1 0-0 11. e4 dxe4 12. Nxe4 Nxe4 13. Bxe7 Qxe7 14. Qxe4 Rfd8 15. c3 a5 16. Rad1 a4 17. a3 Rac8 18. g3 b5 19. Qe2 Qd6 20. Rd2 Qd5 21. Red1 Nf6 22. Ne5 Ne4 23. Rd3 Nd6 24. R3d2 Rc7 25. Rd3 Rb8 26. R3d2 Rcb7 27. Rc2 Nc4 28. Nd3 Re7 29. Nb4 Qd6 30. Nd3 Qd5 31. Nb4 Qd6 1/2-1/2

[Event "DEN-ch G7-1"]
[Site "Svendborg"]
[Date "2016.03.24"]
[Round "3"]
[White "Lauritsen, Niels"]
[Black "Mortensen, Henrik"]
[Result "1/2-1/2"]
[WhiteElo "2045"]
[BlackElo "1954"]
[PlyCount "21"]
[EventDate "2016.03.22"]
[EventType "swiss"]
[EventRounds "7"]
[EventCountry "DEN"]
[SourceTitle "EXT 2018"]
[Source "ChessBase"]
[SourceDate "2017.10.13"]
[SourceVersion "1"]
[SourceVersionDate "2017.10.13"]
[SourceQuality "1"]

1. d4 d5 2. Nc3 Nf6 3. Bg5 Nbd7 4. Qd3 c5 5. 0-0-0 e6 6. e4 dxe4 7. Nxe4 Be7 8. Bxf6 Nxf6 9. Nxf6+ gxf6 10. dxc5 Qxd3 11. Bxd3 1/2-1/2

[Event "Koge Xtracon op"]
[Site "Koge"]
[Date "2015.10.18"]
[Round "9"]
[White "Lauritsen, Niels"]
[Black "Hartung Nielsen, Jens"]
[Result "1/2-1/2"]
[WhiteElo "2109"]
[BlackElo "2183"]
[PlyCount "38"]
[EventDate "2015.10.12"]
[EventType "swiss"]
[EventRounds "9"]
[EventCountry "DEN"]
[SourceTitle "EXT 2017"]
[Source "ChessBase"]
[SourceDate "2016.10.25"]
[SourceVersion "1"]
[SourceVersionDate "2016.10.25"]
[SourceQuality "1"]

1. d4 d5 2. Nc3 Nf6 3. Bg5 Nbd7 4. Qd3 c6 5. e4 dxe4 6. Nxe4 h6 7. Bxf6 Nxf6 8. Nxf6+ exf6 9. Nf3 Be6 10. Qe3 Qa5+ 11. Qd2 Qxd2+ 12. Nxd2 0-0-0 13. Nb3 Bd6 14. Bd3 Rhe8 15. 0-0 g5 16. Rfe1 f5 17. Re2 f4 18. f3 Rf8 19. Nc5 Bxc5 1/2-1/2

[Event "Koge Xtracon op"]
[Site "Koge"]
[Date "2015.10.12"]
[Round "1"]
[White "Nielsen, Bjorn1111"]
[Black "Lauritsen, Niels"]
[Result "0-1"]
[WhiteElo "1358"]
[BlackElo "2109"]
[PlyCount "78"]
[EventDate "2015.10.12"]
[EventType "swiss"]
[EventRounds "9"]
[EventCountry "DEN"]
[SourceTitle "CBM 168 Extra"]
[Source "ChessBase"]
[SourceDate "2015.10.29"]
[SourceVersion "1"]
[SourceVersionDate "2015.10.29"]
[SourceQuality "1"]

1. e4 Nc6 2. Nf3 d5 3. e5 Bg4 4. Be2 Bxf3 5. Bxf3 Nxe5 6. d4 Nxf3+ 7. Qxf3 e6 8. 0-0 Bd6 9. Bf4 Qf6 10. Bxd6 Qxf3 11. gxf3 cxd6 12. c3 Ne7 13. Nd2 Ng6 14. Kg2 Nf4+ 15. Kh1 g5 16. b3 Rc8 17. c4 h6 18. Rae1 Kd7 19. Kg1 a6 20. a4 Rc7 21. Re3 Rhc8 22. Rfe1 Rb8 23. Kf1 b6 24. Kg1 Rcb7 25. Kf1 dxc4 26. Nxc4 Nd5 27. R3e2 b5 28. Na5 Rc7 29. Kg2 bxa4 30. Ra2 axb3 31. Rb2 Nf4+ 32. Kf1 Nd3 33. Reb1 Nxb2 34. Rxb2 Rb5 35. Rxb3 Rxa5 36. Rb8 Ra2 37. Rh8 Rcc2 38. Rxh6 Rxf2+ 39. Kg1 Rfd2 0-1

[Event "North Sea tt 1st Bd2 corr"]
[Site "England"]
[Date "1998.12.15"]
[Round "?"]
[White "Lauritsen, Niels"]
[Black "Blomstrand, Gunnar"]
[Result "1/2-1/2"]
[WhiteElo "2447"]
[BlackElo "2402"]
[PlyCount "31"]
[EventDate "1998.??.??"]
[EventType "team (corr)"]
[EventRounds "10"]
[EventCountry "ENG"]
[SourceTitle "Corr 2024"]
[Source "ChessBase"]
[SourceDate "2023.10.19"]
[SourceVersion "1"]
[SourceVersionDate "2023.10.19"]
[SourceQuality "1"]

1. d4 d5 2. c4 e6 3. g3 Nf6 4. Bg2 Be7 5. Nf3 0-0 6. Qc2 c5 7. 0-0 cxd4 8. Nxd4 Qb6 9. Rd1 Nc6 10. Nxc6 bxc6 11. Nc3 Ba6 12. Be3 Qb7 13. cxd5 cxd5 14. Bd4 Rac8 15. Qb3 Bc5 16. e3 1/2-1/2

[Event "Politiken Cup 20th"]
[Site "Copenhagen"]
[Date "1998.07.10"]
[Round "7"]
[White "Lauritsen, Niels"]
[Black "Nielsen, Morten"]
[Result "1-0"]
[WhiteElo "2205"]
[BlackElo "2150"]
[PlyCount "97"]
[EventDate "1998.07.04"]
[EventType "swiss"]
[EventRounds "11"]
[EventCountry "DEN"]
[SourceTitle "CBM 065 Extra"]
[Source "ChessBase"]
[SourceDate "1998.09.09"]
[SourceVersion "1"]
[SourceVersionDate "1998.09.09"]
[SourceQuality "1"]

1. d4 c5 2. c3 Nf6 3. g3 d5 4. Bg2 Bf5 5. Nf3 Nc6 6. 0-0 e6 7. c4 dxc4 8. Qa4 Qa5 9. Qxc4 Be4 10. Nc3 Bxf3 11. Bxf3 Rc8 12. d5 b5 13. Qxb5 Qxb5 14. Nxb5 Nxd5 15. Rd1 a6 16. Nc3 Nb6 17. b3 Be7 18. Be3 Nd4 19. Rac1 Nxf3+ 20. exf3 0-0 21. Ne4 Nd5 22. Bxc5 Bxc5 23. Nxc5 Rc6 24. Nd3 Rfc8 25. Rxc6 Rxc6 26. Nb4 Rc5 27. Nxa6 Rc8 28. a4 g6 29. Rd2 Rc6 30. Nb8 Rc3 31. Rb2 f6 32. Nd7 Kf7 33. a5 Rc7 34. Nb6 Nxb6 35. axb6 Rb7 36. Kf1 Rxb6 37. Ke2 Ke7 38. Kd3 Kd6 39. Kc4 Kc6 40. b4 e5 41. b5+ Kc7 42. Kc5 Re6 43. Ra2 e4 44. fxe4 Rxe4 45. Ra7+ Kb8 46. Rxh7 Re2 47. f4 g5 48. f5 g4 49. Kd6 1-0

[Event "Politiken Cup 20th"]
[Site "Copenhagen"]
[Date "1998.07.07"]
[Round "4"]
[White "Fairbairn, Stephen"]
[Black "Lauritsen, Niels"]
[Result "0-1"]
[WhiteElo "2175"]
[BlackElo "2205"]
[PlyCount "56"]
[EventDate "1998.07.04"]
[EventType "swiss"]
[EventRounds "11"]
[EventCountry "DEN"]
[SourceTitle "CBM 065 Extra"]
[Source "ChessBase"]
[SourceDate "1998.09.09"]
[SourceVersion "1"]
[SourceVersionDate "1998.09.09"]
[SourceQuality "1"]

1. d4 d5 2. c4 c6 3. Nf3 Nf6 4. Nc3 dxc4 5. a4 Bf5 6. e3 e6 7. Bxc4 Bb4 8. 0-0 0-0 9. Nh4 Nbd7 10. Nxf5 exf5 11. Qb3 a5 12. Bd3 g6 13. Ne2 Nb6 14. f3 Qd5 15. Qc2 Rfe8 16. b3 Rac8 17. Ra2 c5 18. Bc4 Qd6 19. d5 Nbxd5 20. Rd1 Qe5 21. e4 Nc3 22. Nxc3 Bxc3 23. Be3 fxe4 24. f4 Qh5 25. Be2 Ng4 26. h3 Nxe3 27. Qxc3 Nxd1 28. Qd2 Qh4 0-1

[Event "North Sea tt 1st Bd2 corr"]
[Site "England"]
[Date "1998.??.??"]
[Round "?"]
[White "Elison, Kari"]
[Black "Lauritsen, Niels"]
[Result "0-1"]
[WhiteElo "2278"]
[BlackElo "2447"]
[PlyCount "30"]
[EventDate "1998.??.??"]
[EventType "team (corr)"]
[EventRounds "10"]
[EventCountry "ENG"]
[SourceTitle "Corr 2002"]
[Source "ChessBase"]
[SourceDate "2002.05.23"]
[SourceVersion "1"]
[SourceVersionDate "2002.05.23"]
[SourceQuality "1"]

1. d4 d5 2. c4 c6 3. Nc3 Nf6 4. Nf3 dxc4 5. Ne5 Nbd7 6. Nxc4 b5 7. Nd2 Bb7 8. e3 e6 9. Be2 c5 10. Bf3 Bxf3 11. Qxf3 a6 12. 0-0 cxd4 13. exd4 Be7 14. d5 b4 15. dxe6 Ne5 0-1

[Event "Nordic CupT 3rd B03 corr"]
[Site "corr"]
[Date "1997.04.15"]
[Round "?"]
[White "Asker, Sven"]
[Black "Lauritsen, Niels"]
[Result "0-1"]
[WhiteElo "2415"]
[BlackElo "2430"]
[PlyCount "80"]
[EventDate "1997.??.??"]
[EventType "tourn (corr)"]
[EventRounds "4"]
[EventCategory "9"]
[SourceTitle "Corr 2024"]
[Source "ChessBase"]
[SourceDate "2023.10.19"]
[SourceVersion "1"]
[SourceVersionDate "2023.10.19"]
[SourceQuality "1"]

1. e4 Nc6 2. d4 d5 3. e5 Bf5 4. c3 e6 5. Be3 f6 6. f4 fxe5 7. fxe5 Qh4+ 8. Bf2 Qe4+ 9. Ne2 g5 10. Nd2 Qc2 11. Qxc2 Bxc2 12. Ng3 h5 13. Be2 g4 14. Nxh5 Rxh5 15. Bxg4 Rg5 16. Bxe6 Nge7 17. 0-0 Rg6 18. Bh3 Bf5 19. Bxf5 Nxf5 20. Rae1 Kd7 21. Be3 Nxe3 22. Rxe3 Bh6 23. Re2 Bxd2 24. Rxd2 Ke7 25. Rdf2 Rg7 26. g3 Rh8 27. Kg2 Nd8 28. h3 Ne6 29. b4 Ng5 30. Rh1 Ne4 31. Rf3 Rf8 32. c4 Rxf3 33. Kxf3 Nxg3 34. Rc1 Ke6 35. cxd5+ Kxd5 36. Rc5+ Kxd4 37. Ra5 a6 38. e6 Ne4 39. Kf4 Rg6 40. e7 Re6 0-1

[Event "Olympiad-32"]
[Site "Yerevan"]
[Date "1996.09.27"]
[Round "11.2"]
[White "Robinson, Richard"]
[Black "Lauritsen, Niels"]
[Result "1-0"]
[WhiteElo "2085"]
[BlackElo "2280"]
[PlyCount "61"]
[EventDate "1996.09.15"]
[EventType "team-swiss"]
[EventRounds "14"]
[EventCountry "ARM"]
[SourceTitle "CBM 055"]
[Source "ChessBase"]
[SourceDate "1996.12.01"]
[SourceVersion "1"]
[SourceVersionDate "1996.12.01"]
[SourceQuality "1"]
[WhiteTeam "Bermuda"]
[BlackTeam "Uganda"]
[WhiteTeamCountry "BER"]
[BlackTeamCountry "UGA"]

1. Nf3 d5 2. c4 c6 3. g3 g6 4. Bg2 Bg7 5. d4 Nf6 6. 0-0 0-0 7. b3 Bf5 8. Nc3 Ne4 9. Bb2 Nxc3 10. Bxc3 Be4 11. Rc1 e6 12. Qd2 Nd7 13. Rfd1 Nf6 14. Qf4 Nh5 15. Qe3 f5 16. Bh3 f4 17. Bxe6+ Kh8 18. Qd2 fxg3 19. fxg3 Nxg3 20. hxg3 Qd6 21. Bh3 Qxg3+ 22. Bg2 Rf5 23. Rf1 Raf8 24. cxd5 cxd5 25. Bb4 Re8 26. Rc3 Rh5 27. e3 Bh6 28. Qf2 Qg4 29. Ne5 Rexe5 30. Qf6+ Kg8 31. Qd8+ 1-0